Влияние радиационно-термического отжига на протекание восстановительных реакций в поликристаллических ферритах; Перспективные материалы; № 5
| Parent link: | Перспективные материалы.— , 1995- № 5.— 2004.— [С. 74-79] |
|---|---|
| Muut tekijät: | , , , |
| Yhteenveto: | Заглавие с экрана Изучено влияние интенсивного пучка высокоэнергетических электронов на эффективность протекания восстановительных реакций в ферритовой керамике. Установлено, что в сравнении с термическим отжигом, радиационно-термический способ нагрева ферритовой керамики пучком ускоренных электронов в вакууме приводит к снижению скорости восстановительного процесса. Режим доступа: по договору с организацией-держателем ресурса |
| Kieli: | venäjä |
| Julkaistu: |
2004
|
| Aiheet: | |
| Linkit: | http://elibrary.ru/item.asp?id=19417293 |
| Aineistotyyppi: | MixedMaterials Elektroninen Kirjan osa |
| KOHA link: | https://koha.lib.tpu.ru/cgi-bin/koha/opac-detail.pl?biblionumber=649220 |
MARC
| LEADER | 00000naa0a2200000 4500 | ||
|---|---|---|---|
| 001 | 649220 | ||
| 005 | 20250303133100.0 | ||
| 035 | |a (RuTPU)RU\TPU\network\14381 | ||
| 035 | |a RU\TPU\network\14380 | ||
| 090 | |a 649220 | ||
| 100 | |a 20160624d2004 k||y0rusy50 ca | ||
| 101 | 0 | |a rus | |
| 102 | |a RU | ||
| 135 | |a drcn ---uucaa | ||
| 181 | 0 | |a i | |
| 182 | 0 | |a b | |
| 200 | 1 | |a Влияние радиационно-термического отжига на протекание восстановительных реакций в поликристаллических ферритах |f А. П. Суржиков [и др.] | |
| 203 | |a Текст |c электронный | ||
| 300 | |a Заглавие с экрана | ||
| 320 | |a [Библиогр.: с. 79 (12 назв.)] | ||
| 330 | |a Изучено влияние интенсивного пучка высокоэнергетических электронов на эффективность протекания восстановительных реакций в ферритовой керамике. Установлено, что в сравнении с термическим отжигом, радиационно-термический способ нагрева ферритовой керамики пучком ускоренных электронов в вакууме приводит к снижению скорости восстановительного процесса. | ||
| 333 | |a Режим доступа: по договору с организацией-держателем ресурса | ||
| 461 | |t Перспективные материалы |d 1995- | ||
| 463 | |t № 5 |v [С. 74-79] |d 2004 | ||
| 610 | 1 | |a электронный ресурс | |
| 610 | 1 | |a труды учёных ТПУ | |
| 610 | 1 | |a керамика | |
| 610 | 1 | |a поликристаллические ферриты | |
| 610 | 1 | |a радиационно-термический отжиг | |
| 701 | 1 | |a Суржиков |b А. П. |c физик |c профессор Томского политехнического университета, доктор физико-математических наук |f 1951- |g Анатолий Петрович |3 (RuTPU)RU\TPU\pers\22010 |9 9307 | |
| 701 | 1 | |a Гынгазов |b С. А. |c специалист в области электроники |c профессор Томского политехнического университета, доктор технических наук |f 1958- |g Сергей Анатольевич |3 (RuTPU)RU\TPU\pers\26531 |9 12225 | |
| 701 | 1 | |a Лысенко |b Е. Н. |c специалист в области электротехники |c профессор Томского политехнического университета, доктор технических наук |f 1972- |g Елена Николаевна |3 (RuTPU)RU\TPU\pers\26532 |9 12226 | |
| 701 | 1 | |a Франгульян |b Т. С. |c специалист в области электроники, диэлектриков и полупроводников |c ведущий научный сотрудник Томского политехнического университета, кандидат физико-математических наук |f 1940- |g Тамара Семёновна |3 (RuTPU)RU\TPU\pers\26534 |9 12228 | |
| 801 | 2 | |a RU |b 63413507 |c 20160624 |g RCR | |
| 856 | 4 | |u http://elibrary.ru/item.asp?id=19417293 | |
| 942 | |c CF | ||